Logo BPK

Biblioteka

Politechniki Koszalińskiej

Zur Entwicklung tragischer Bauformen im dramatischen Schaffen Lessings (Rekord nr 49894)

Szczegóły MARC
000 -ETYKIETA REKORDU
podpole kontrolne o stałej długości 00709nam a2200193 i 4500
001 - NUMER KONTROLNY REKORDU
pole kontrolne bgj
040 ## - ŹRÓDŁO KATALOGOWANIA
Instytucja, która utworzyła rekord BPK
041 0# - KOD JĘZYKA
Kod języka tekstu ger
044 ## - KOD KRAJU WYDAWCY/PRODUCENTA
Kod kraju wydawcy/producenta DEU
080 ## - UNIWERSALNA KLASYFIKACJA DZIESIĘTNA - UKD
UKD 821.112.2
008 - POLE O STAŁEJ DŁUGOŚCI - DANE KONTROLNE
podpole kontrolne o stałej długości s gw f |000 0 ger
100 1# - NAZWA OSOBOWA
Nazwa osobowa KROGMANN, Werner.
245 10 - TYTUŁ/ODPOWIEDZIALNOŚĆ
Tytuł Zur Entwicklung tragischer Bauformen im dramatischen Schaffen Lessings
Ciąg dalszy tytułu von der Philosophischen Fakultät der Technischen Universität Berlin zur Erlangung des akademischen Grades Doktor Philosophie genehmigte Dissertation /
Pozostałe elementy strefy tytułu i oznaczenia odpowiedzialności vorgelegt von Werner Krogmann.
260 ## - STREFA ADRESU WYDAWNICZEGO
Miejsce wydania [Berlin :
Nazwa wydawcy/dystrybutora Technische Universität],
Data publikacji, dystrybucji/powstania dokumentu 1970.
300 ## - STREFA OPISU FIZYCZNEGO
Objętość 267 s. ;
Rozmiary 21 cm.
600 1# - HASŁO PRZEDMIOTOWE W FORMIE NAZWY OSOBOWEJ
Nazwa osobowa LESSING, Gotthold Ephraim.
650 9# - HASŁO PRZEDMIOTOWE W FORMIE NAZWY OGÓLNEJ LUB JEDNOSTKOWEJ
Nazwa ogólna lub geograficzna Literatura niemiecka
856 ## - LOKALIZACJA I DOSTĘP DO ELEKTRONICZNYCH DOKUMENTÓW ZDALNYCH
Link (URL) http://koha.tu.koszalin.pl/cgi-bin/koha/opac-detail.pl?biblionumber=49894
Tekst linku Katalog online BPK
942 ## - DODATKOWE ELEMENTY (KOHA)
Typ dokumentu Książka
Egzemplarze
Wycofany Status egzemplarza Uszkodzony Dostępność Lokalizacja stała Lokalizacja bieżąca Miejsce przechowywania Sygnatura Kod kreskowy Typ dokumentu
      Tylko na miejscu Biblioteka Politechniki Koszalińskiej Biblioteka Politechniki Koszalińskiej Czytelnia Wydziałowa ul. Kwiatkowskiego 6e S 2509 02439310 Książka
© 2023 Biblioteka Politechniki Koszalińskiej :: KOHA